Genshin Impact - Character's Namecards - Statistics

General Stats
  • This quiz has been taken 1,973 times
  • The average score is 8 of 9
Answer Stats
Picture Answer % Correct
Hu Tao
99%
Ororon
99%
Navia
98%
Kaedehara Kazuha
97%
Kirara
97%
Klee
97%
Lyney
97%
Venti
97%
Raiden Shogun
96%
Sigewinne
96%
Xiao
96%
Kinich
95%
Lynette
95%
Nahida
95%
Wriothesley
95%
Yae Miko
95%
Amber
94%
Arlecchino
94%
Furina
94%
Gaming
94%
Jean
94%
Kamisato Ayaka
94%
Razor
94%
Rosaria
94%
Tartaglia
94%
Yelan
94%
Zhongli
94%
Diluc
93%
Dori
93%
Kachina
93%
Xinyan
93%
Beidou
92%
Bennett
92%
Chiori
92%
Citlali
92%
Cyno
92%
Mavuika
92%
Mualani
92%
Xiangling
92%
Xianyun
92%
Yao Yao
92%
Fischl
91%
Ganyu
91%
Gorou
91%
Kujou Sara
91%
Layla
91%
Mona
91%
Noelle
91%
Sayu
91%
Sucrose
91%
Clorinde
90%
Freminet
90%
Xilonen
89%
Yoimiya
89%
Barbara
88%
Chevreuse
88%
Diona
88%
Emilie
87%
Kaveh
87%
Chongyun
86%
Lisa
85%
Alhaitham
84%
Baizhu
84%
Collei
84%
Kuki Shinobu
84%
Xingqiu
83%
Yanfei
81%
Charlotte
80%
Sangonomiya Kokomi
76%
Arataki Itto
75%
Tighnari
75%
Keqing
74%
Qiqi
74%
Kaeya
73%
Neuvilette
73%
Chasca
72%
Dehya
72%
Faruzan
72%
Kamisato Ayato
72%
Ningguang
72%
Shenhe
72%
Eula
71%
Nilou
70%
Yun Jin
70%
Candace
69%
Aloy
65%
Mika
63%
Thoma
61%
Sethos
60%
Albedo
57%
Wanderer
51%
Shikanoin Heizou
44%
No matching quizzes found
Score Distribution
Percent of People with Each Score
Percentile by Number Answered
Your Score History
You have not taken this quiz